00616nam a2200157Ia 450000500170000000800410001708200230005810000180008124500270009926000390012630000120016550001610017794200060033895200990034499900150044320250310022206.0240331s9999 xx 000 0 und d bYOG23685a894.811 aYoganathan, S 0aThanjam Pukunthavarkal aChennai,bKumaran Publishersc1993 a176 p., aA story about a refugees who have endured difficulties of displaced life and developed dreams and desires while trying to survive by facing their hardships. cL 001040708LaWERCLbWERCLcSSCd2024-03-31l0o 894.811 YOGp3685r2024-03-31w2024-03-31yL c4258d4258